000 00385nam a2200133Ia 4500
008 151213s9999 xx 000 0 und d
100 _aJ. E. M. Lathom
245 _aCritics on Mathew Arnold : Reading in Literary Criticism
_cJ. E. M. Lathom
260 _aNew Dhilhi
_bUniversity Book Stoll
_c1994
300 _a1874 p.
650 _aEnglish
700 _aJ. E. M. Lathom
999 _c1379
_d1379